000 00783nam a2200253 a 4500
001 17654
003 BD-RjUL
005 20211209000155.0
008 140217s2003 ii ||||| |||| 00| 0 eng d
020 _a8126901896
035 _a(BD-RjUL)17712
040 _aBD-RjUL
_beng
_cBD-RjUL
_dBD-RjUL
041 _aeng
082 _a658.45
_bVAE 2003
_223
100 1 0 _aVanita
_954417
245 1 0 _aEffective communication in human resource development /
_cVanita
260 _aNew Delhi :
_bAtlantic Publishers and Distributors,
_c2003.
300 _aix, 115.p :
_bIll. ;
_c19 cm.
504 _aIncludes Bibliography.
650 _aCommunication in management
_916403
650 _aEmployee motivation
_9232734
650 _aInterpersonal communication.
_9232735
942 _2ddc
_cBK
999 _c17654
_d17654